Clash Royale Cards - Statistics

General Stats
  • This quiz has been taken 1,197 times
    174 since last reset
  • The average score is 79 of 125
Answer Stats
Arena Rarity Type Elixir
Cost
Evolution
(Cycles)
Card Name % Correct
Training Camp Rare Troop 4 No Mini P.E.K.K.A
93%
Training Camp Common Spell 3 No Arrows
92%
Training Camp Common Troop 3 Yes (2) Knight
92%
Training Camp Rare Troop 5 No Giant
89%
Goblin Stadium Common Troop 2 No Goblins
88%
Training Camp Common Troop 3 Yes (2) Archers
87%
Royal Arena Epic Troop 5 No Prince
86%
Training Camp Rare Troop 4 No Fireball
85%
P.E.K.K.A's Playhouse Epic Troop 7 Yes (1) P.E.K.K.A
85%
Bone Pit Common Troop 1 Yes (2) Skeletons
85%
Barbarian Bowl Common Troop 5 Yes (1) Barbarians
84%
Training Camp Rare Troop 4 Yes (2) Musketeer
83%
Barbarian Bowl Common Building 3 Yes (2) Cannon
80%
Electro Valley Legendary Troop 3 No Princess
78%
Spell Valley Rare Troop 5 Yes (1) Wizard
77%
Builder's Workshop Common Spell 2 Yes (2) Zap
77%
P.E.K.K.A's Playhouse Epic Spell 3 Yes (2) Goblin Barrel
76%
Frozen Peak Common Troop 1 Yes (2) Ice Spirit
76%
Electro Valley Legendary Troop 7 Yes (1) Mega Knight
76%
P.E.K.K.A's Playhouse Epic Troop 5 Yes (1) Witch
76%
Goblin Stadium Rare Building 4 No Goblin Hut
75%
Hog Mountain Epic Troop 8 No Golem
74%
Electro Valley Legendary Spell 2 No The Log
74%
Spell Valley Common Troop 1 No Fire Spirit
73%
Builder's Workshop Rare Troop 4 No Hog Rider
73%
Training Camp Common Troop 3 No Minions
73%
Royal Arena Epic Troop 4 No Dark Prince
72%
Electro Valley Legendary Troop 3 No Miner
72%
Hog Mountain Common Building 4 Yes (2) Tesla
72%
P.E.K.K.A's Playhouse Epic Troop 4 Yes (2) Baby Dragon
71%
Electro Valley Legendary Troop 4 No Electro Wizard
71%
Spell Valley Rare Building 5 No Inferno Tower
71%
Jungle Arena Rare Building 6 No Barbarian Hut
70%
Spell Valley Rare Building 4 No Bomb Tower
70%
Spell Valley Common Troop 1 No Electro Spirit
70%
Spooky Town Legendary Troop 3 No Ice Wizard
70%
Goblin Stadium Common Troop 2 No Spear Goblins
70%
Bone Pit Common Troop 2 Yes (2) Bomber
69%
P.E.K.K.A's Playhouse Epic Troop 3 Yes (2) Skeleton Army
69%
Executioner's Kitchen Champion Troop 4 No Skeleton King
69%
Bone Pit Rare Troop 4 Yes (2) Valkyrie
69%
Jungle Arena Epic Spell 2 No Barbarian Barrel
68%
Jungle Arena Common Troop 3 No Goblin Gang
68%
Royal Crypt Champion Troop 5 No Archer Queen
67%
Goblin Stadium Rare Building 4 Yes (1) Goblin Cage
67%
Rascal's Hideout Rare Troop 1 No Heal Spirit
67%
Frozen Peak Epic Spell 6 No Lightning
67%
Builder's Workshop Rare Spell 6 No Rocket
67%
Royal Arena Common Troop 6 Yes (1) Royal Giant
67%
Royal Arena Rare Troop 9 No Three Musketeers
67%
Executioner's Kitchen Champion Troop 4 No Golden Knight
66%
Frozen Peak Rare Troop 2 No Ice Golem
66%
Silent Sanctuary Champion Troop 3 No Little Prince
66%
Training Camp Common Tower Troop --- No Tower Princess
66%
Electro Valley Legendary Troop 4 Yes (2) Inferno Dragon
65%
Miner's Mine Epic Spell ? No Mirror
65%
Serenity Peak Epic Spell 2 No Rage
65%
Bone Pit Rare Building 3 No Tombstone
65%
Royal Arena Epic Troop 5 No Balloon
64%
Spooky Town Epic Troop 5 Yes (1) Electro Dragon
64%
Frozen Peak Epic Troop 6 No Giant Skeleton
64%
Jungle Arena Rare Troop 3 Yes (2) Dart Goblin
63%
Frozen Peak Epic Spell 4 No Freeze
63%
Jungle Arena Epic Troop 6 Yes (1) Goblin Giant
63%
Serenity Peak Legendary Troop 4 Yes (2) Lumberjack
63%
Serenity Peak Legendary Troop 4 No Night Witch
63%
Rascal's Hideout Legendary Troop 3 No Bandit
62%
Miner's Mine Epic Spell 3 No Clone
62%
Royal Crypt Champion Troop 4 No Mighty Miner
62%
Royal Crypt Champion Troop 6 No Boss Bandit
61%
Spooky Town Legendary Spell 5 No Graveyard
61%
Silent Sanctuary Champion Troop 5 No Monk
61%
Miner's Mine Legendary Troop 4 No Mother WItch
61%
Jungle Arena Epic Spell 4 No Poison
61%
Electro Valley Legendary Troop 6 No Sparky
59%
Serenity Peak Rare Troop 3 No Elixir Golem
58%
Frozen Peak Common Spell 2 Yes (2) Giant Snowball
58%
Rascal's Hideout Common Troop 5 No Rascals
58%
Spell Valley Common Troop 4 No Skeleton Dragons
58%
Hog Mountain Epic Building 6 No X-Bow
58%
Electro Valley Legendary Troop 5 No Ram RIder
57%
Royal Arena Rare Troop 5 Yes (2) Royal Hogs
57%
Miner's Mine Epic Spell 3 No Void
57%
Rascal's Hideout Epic Troop 7 No Electro Giant
56%
Rascal's Hideout Legendary Troop 7 No Lava Hound
56%
Royal Arena Common Troop 7 Yes (1) Royal Recruits
56%
Hog Mountain Common Troop 5 No Minion Horde
55%
Builder's Workshop Common Building 4 Yes (2) Mortar
55%
Spooky Town Rare Spell 3 No Earthquake
54%
Silent Sanctuary Champion Troop 5 No Goblinstein
54%
Frozen Peak Epic Spell 3 No Vines
54%
Miner's Mine Legendary Troop 5 No Goblin Machine
53%
Rascal's Hideout Legendary Tower Troop --- No Royal Chef
53%
Jungle Arena Common Troop 2 No Berserker
52%
Frozen Peak Epic Tower Troop --- No Cannoneer
52%
Spooky Town Common Troop 3 Yes (2) Firecracker
52%
Rascal's Hideout Legendary Troop 4 No Magic Archer
52%
Serenity Peak Common Spell 3 No Royal Delivery
52%
Hog Mountain Common Troop 6 No Elite Barbarians
51%
Miner's Mine Rare Building 6 No Elixir Collector
51%
Spooky Town Legendary Troop 3 Yes (2) Royal Ghost
51%
Jungle Arena Common Troop 3 Yes (2) Skeleton Barrel
51%
Builder's Workshop Common Troop 2 Yes (2) Bats
50%
Barbarian Bowl Rare Troop 4 Yes (2) Battle Ram
50%
Serenity Peak Epic Troop 5 Yes (1) Executioner
50%
Serenity Peak Epic Spell 2 No Goblin Curse
50%
Miner's Mine Legendary Troop 3/6 No Spirit Empress
50%
Spooky Town Epic Troop 2 Yes (2) Wall Breakers
50%
Frozen Peak Rare Troop 4 No Battle Healer
49%
Electro Valley Legendary Tower Troop --- No Dagger Duchess
49%
Hog Mountain Rare Troop 4 Yes (2) Furnace
49%
Hog Mountain Epic Troop 4 Yes (2) Hunter
49%
Hog Mountain Rare Troop 4 No Zappies
49%
Rascal's Hideout Epic Troop 5 No Bowler
48%
Builder's Workshop Rare Troop 4 No Flying Machine
48%
Serenity Peak Epic Building 4 Yes (2) Goblin Drill
47%
Barbarian Bowl Rare Troop 3 No Mega Minion
47%
Miner's Mine Epic Troop 5 No Cannon Cart
46%
P.E.K.K.A's Playhouse Epic Troop 3 No Guards
46%
Spooky Town Legendary Troop 4 No Phoenix
46%
Miner's Mine Epic Spell 3 No Tornado
46%
Jungle Arena Epic Troop 4 No Rune Giant
45%
Rascal's Hideout Rare Troop 2 No Suspicious Bush
40%
Miner's Mine Legendary Troop 3 No Fisherman
39%
Spooky Town Rare Troop 4 No Goblin Demolisher
35%
No matching quizzes found
Score Distribution
Percent of People with Each Score
Percentile by Number Answered
Your Score History
You have not taken this quiz since the last reset